Rational stubbornness?

Salvato in:
Dettagli Bibliografici
Autore principale: Waldmann, Robert
Natura: Libro
Lingua:inglese
Pubblicazione: San Domenico (FI) European University Institute 1995
Serie:EUI Working paper ECO No. 95/43
Soggetti:
Tags: Aggiungi Tag
Nessun Tag, puoi essere il primo ad aggiungerne!!

MARC

LEADER 00000nam a2200000 4500
001 c134263
005 20221123112714.2
041 0 |a eng 
044 |a IT 
245 1 0 |a Rational stubbornness?  |c Robert Waldmann 
264 1 |a San Domenico (FI)  |b European University Institute  |c 1995 
300 |a 14 s. 
490 1 |a EUI Working paper ECO  |v No. 95/43 
830 0 |a EUI Working paper ECO  |v No. 95/43 
610 2 0 |a modelovanie 
610 2 0 |a modely ekonomicko-matematické 
100 1 |a Waldmann, Robert